|
|
|
|
| LEADER |
00000nam0a2200000 4500 |
| 001 |
297555 |
| 005 |
20231102001023.0 |
| 035 |
|
|
|a (RuTPU)RU\TPU\book\322688
|
| 090 |
|
|
|a 297555
|
| 100 |
|
|
|a 20150609d1984 km y0rusy50 ca
|
| 101 |
0 |
|
|a rus
|
| 102 |
|
|
|a RU
|
| 105 |
|
|
|a a z 001zy
|
| 200 |
1 |
|
|a Структура и свойства гранулируемых никелевых сплавов
|f А. Ф. Белов, Н. Ф. Аношкин, О. Х. Фактуллин
|
| 210 |
|
|
|a Москва
|c Металлургия
|d 1984
|
| 215 |
|
|
|a 128 с.
|c ил.
|
| 320 |
|
|
|a Библиогр.: с. 124-127
|
| 606 |
1 |
|
|a Никелевые сплавы гранулируемые
|x Структура
|x Физико-механические свойства
|2 stltpush
|3 (RuTPU)RU\TPU\subj\46230
|9 65398
|
| 610 |
1 |
|
|a охлаждение
|
| 610 |
1 |
|
|a скорость
|
| 610 |
1 |
|
|a кристаллизация
|
| 610 |
1 |
|
|a параметры
|
| 610 |
1 |
|
|a гранулы
|
| 610 |
1 |
|
|a термическая обработка
|
| 610 |
1 |
|
|a технико-экономическая охрана
|
| 675 |
|
|
|a 669.245
|v 4
|
| 700 |
|
1 |
|a Белов
|b А. Ф.
|g Александр Федорович
|
| 701 |
|
1 |
|a Аношкин
|b Н. Ф.
|g Николай Федорович
|
| 701 |
|
1 |
|a Фактуллин
|b О. Х.
|g Олег Хикметович
|
| 801 |
|
1 |
|a RU
|b 63413507
|c 20150609
|
| 801 |
|
2 |
|a RU
|b 63413507
|c 20181030
|g RCR
|
| 942 |
|
|
|c BK
|